000 01018nam a2200313 ia4500
005 20260513104218.0
008 260511t20252025my a ar o000 0 may d
020 _a9786299790273
_cRM35.00
_qpaperback
040 _aPPAK
_beng
_cPPAK
_erda
082 0 4 _a500
_223
090 0 0 _a500
_bMOH
_dK
100 1 _aMohini, Mudit,
_eauthor.
245 1 0 _aTumbuhan Makan Apa? /
_cMudit Mohini ; Penterjemah/Translator: Idris Mansor & Hanani Akmal
246 3 4 _aFotosintesis
264 1 _aKuala Lumpur :
_bBRAVO GLOBAL VENTURE (M) SDN BHD,
_c2025
264 4 _c©2025
300 _a22 pages :
_bcolour illustrations ;
_c25 cm
336 _atext
_2rdacontent
337 _aunmediated
_2rdamedia
338 _avolume
_2rdacarrier
490 1 _aCerita Sains
521 1 _aThe interest level is that for ages 5+.
650 1 0 _aNatural science
650 2 0 _aPhotosynthesis
700 0 _aIdris Mansor,
_etranslator.
700 0 _aHanani Akmal,
_etranslator.
830 0 _aCerita sains
942 _2ddc
_cB
999 _c204157
_d204157